MARC details
| 000 -LEADER |
| fixed length control field |
01417cam a22003494a 4500 |
| 001 - CONTROL NUMBER |
| control field |
12288805 |
| 003 - CONTROL NUMBER IDENTIFIER |
| control field |
GZU |
| 005 - DATE AND TIME OF LATEST TRANSACTION |
| control field |
20201130101956.0 |
| 008 - FIXED-LENGTH DATA ELEMENTS--GENERAL INFORMATION |
| fixed length control field |
010124s2001 pau b 001 0 eng |
| 010 ## - LIBRARY OF CONGRESS CONTROL NUMBER |
| LC control number |
2001021075 |
| 020 ## - INTERNATIONAL STANDARD BOOK NUMBER |
| International Standard Book Number |
0335200389 |
| 040 ## - CATALOGING SOURCE |
| Original cataloging agency |
DLC |
| Transcribing agency |
DLC |
| Modifying agency |
DLC |
| 042 ## - AUTHENTICATION CODE |
| Authentication code |
pcc |
| 050 00 - LIBRARY OF CONGRESS CALL NUMBER |
| Classification number |
HQ1075 |
| Item number |
DEL 2001 |
| 100 1# - MAIN ENTRY--PERSONAL NAME |
| Personal name |
Delamont, Sara, |
| Dates associated with a name |
1947- |
| 245 10 - TITLE STATEMENT |
| Title |
Changing women, unchanged men? : |
| Remainder of title |
sociological perspectives on gender in a post-industrial society / |
| Statement of responsibility, etc. |
Sara Delamont. |
| 260 ## - PUBLICATION, DISTRIBUTION, ETC. |
| Place of publication, distribution, etc. |
Phildelphia, Pa. : |
| Name of publisher, distributor, etc. |
Open University, |
| Date of publication, distribution, etc. |
c2001. |
| 300 ## - PHYSICAL DESCRIPTION |
| Extent |
ix, 128 p. : |
| Dimensions |
23 cm. |
| 440 #0 - SERIES STATEMENT/ADDED ENTRY--TITLE |
| Title |
Sociology and social change |
| 504 ## - BIBLIOGRAPHY, ETC. NOTE |
| Bibliography, etc. note |
Includes bibliographical references and index. |
| 650 #0 - SUBJECT ADDED ENTRY--TOPICAL TERM |
| Topical term or geographic name entry element |
Sex role |
| General subdivision |
History |
| Chronological subdivision |
20th century. |
| 650 #0 - SUBJECT ADDED ENTRY--TOPICAL TERM |
| Topical term or geographic name entry element |
Women |
| General subdivision |
History |
| Chronological subdivision |
20th century. |
| 650 #0 - SUBJECT ADDED ENTRY--TOPICAL TERM |
| Topical term or geographic name entry element |
Women |
| General subdivision |
Social conditions. |
| 650 #0 - SUBJECT ADDED ENTRY--TOPICAL TERM |
| Topical term or geographic name entry element |
Feminism. |
| 650 #0 - SUBJECT ADDED ENTRY--TOPICAL TERM |
| Topical term or geographic name entry element |
Social change. |
| 856 42 - ELECTRONIC LOCATION AND ACCESS |
| Materials specified |
Publisher description |
| Uniform Resource Identifier |
<a href="http://www.loc.gov/catdir/description/mh051/2001021075.html">http://www.loc.gov/catdir/description/mh051/2001021075.html</a> |
| 856 42 - ELECTRONIC LOCATION AND ACCESS |
| Materials specified |
Contributor biographical information |
| Uniform Resource Identifier |
<a href="http://www.loc.gov/catdir/bios/mh051/2001021075.html">http://www.loc.gov/catdir/bios/mh051/2001021075.html</a> |
| 856 41 - ELECTRONIC LOCATION AND ACCESS |
| Materials specified |
Table of contents |
| Uniform Resource Identifier |
<a href="http://www.loc.gov/catdir/toc/mh051/2001021075.html">http://www.loc.gov/catdir/toc/mh051/2001021075.html</a> |
| 906 ## - LOCAL DATA ELEMENT F, LDF (RLIN) |
| a |
7 |
| b |
cbc |
| c |
orignew |
| d |
1 |
| e |
ocip |
| f |
20 |
| g |
y-gencatlg |
| 942 ## - ADDED ENTRY ELEMENTS (KOHA) |
| Source of classification or shelving scheme |
Library of Congress Classification |
| Koha item type |
Books |
| Classification part |
1075 |
| Item part |
DEL |
| Call number prefix |
HQ |